000 00327nam a2200133Ia 4500
008 191201s2004 xx 000 0 und d
100 _aSARAF, V K
245 0 _aHow to Become a Good Leader: Pathways to Perfection
250 _a8th
260 _aN.Delhi
_bUBSPD,
_c2004
300 _a299
650 _aApplied
942 _2ddc
_cBK
999 _c2051
_d2051